00361nam a2200145Ia 4500008004100000020001800041082001600059100002400075245003500099250000600134260002500140300001100165500002500176650001400201230524s9999 xx 000 0 und d a9780070994096 a671.52bLIT a"Little, Richard l" 0aWelding and Welding Technology a1 aNew DelhibTMHc2013 a435;p. aQuantity Number: 45 aMechanics